Rozpoznaj kandydatów na Prezydenta RP 2020r. - Statystyki

Ogólne statystyki
  • Ten quiz został rozwiązany 138 razy
  • Średni wynik to 8 z 11
Statystyki odpowiedzi
Obrazkowy Odpowiedź % Poprawnych
Andrzej Duda
98%
Szymon Hołownia
96%
Krzysztof Bosak
89%
Robert Biedroń
88%
Rafał Trzaskowski
84%
Władysław Kosiniak-Kamysz
77%
Stanisław Żółtek
68%
Paweł Tanajno
61%
Marek Jakubiak
48%
Mirosław Piotrowski
35%
Waldemar Witkowski
32%
Nie znaleziono quizów pasujących do podanych kryteriów
Rozkład punktacji
Procent ludzi z każdym wynikiem
Percentyl według liczby udzielonych odpowiedzi
Twoja historia wyników
Nie rozwiązałeś tego quizu